[Event "Let's Play Chess!"]
[Site "http://www.queenalice.com/game.php?id=1458417"]
[Date "2017.1.8"]
[Round "-"]
[White "coolchess"]
[Black "chessplayer123"]
[Result "1-0"]
[WhiteElo "1795"]
[BlackElo "1725"]

1. Nf3 d5 2. g3 Bg4 3. Bg2 Bxf3 4. Bxf3 e5 5. c4 e4 6. Bg2 f5 7. O-O Nf6 8. d3
Nc6 9. cxd5 Qxd5 10. Nc3 Qe6 11. dxe4 Nxe4 12. Nb5 Bd6 13. Qa4 O-O 14. Nxd6 Qxd6
15. Bxe4 fxe4 16. Qxe4 Rae8 17. Qc4+ Kh8 18. Bf4 Qg6 19. Bxc7 Ne5 20. Qd4 a6 21.
Bxe5 b5 22. Qd6 Qe4 23. Bc3 Qxe2 24. Qd4 Rf7 25. Rae1 1-0

[Event "AUTO-ADV-3764"]
[Site "http://www.queenalice.com/game.php?id=1459122"]
[Date "2017.1.12"]
[Round "1"]
[White "coolchess"]
[Black "Tavinho92"]
[Result "1-0"]
[WhiteElo "1933"]
[BlackElo "1700"]

1. e4 e6 2. c4 d5 3. exd5 exd5 4. d4 c5 5. Be3 cxd4 6. Qxd4 Nc6 7. Qd1 Nf6 8.
Nf3 Bb4+ 9. Nbd2 O-O 10. a3 Bxd2+ 11. Qxd2 Re8 12. O-O-O Ne4 13. Qxd5 Qxd5 14.
cxd5 Ne5 15. Nxe5 Rxe5 16. Rd4 Nc5 17. Bc4 b5 18. b4 bxc4 19. bxc5 Ba6 20. Kc2
Rb8 21. Rb1 Rxb1 22. Kxb1 Re8 23. c6 f6 24. d6 Rd8 25. d7 Kf7 26. Re4 c3 27. Kc2
f5 28. Re5 g6 29. Bg5 1-0

[Event "AUTO-ADV-3764"]
[Site "http://www.queenalice.com/game.php?id=1459123"]
[Date "2017.1.12"]
[Round "1"]
[White "Tavinho92"]
[Black "coolchess"]
[Result "0-1"]
[WhiteElo "1700"]
[BlackElo "1948"]

1. e4 c5 2. Nf3 Nc6 3. d4 cxd4 4. Nxd4 g6 5. Nxc6 bxc6 6. Nc3 Bg7 7. Qd3 Nf6 8.
Be2 O-O 9. Bf3 a5 10. O-O Ba6 11. Qd1 Bxf1 12. Kxf1 Qc7 13. g3 d6 14. Kg2 Nd7
15. Be3 Rab8 16. Rb1 f5 17. exf5 gxf5 18. Be2 e5 19. h3 Nf6 20. g4 f4 21. Bd2 d5
22. Na4 Ne4 23. f3 Nxd2 24. Qxd2 Rb4 25. Nc5 Qe7 26. Na6 Rd4 27. Qxa5 e4 28. c3
Rd2 29. Kf2 exf3 30. Re1 Rxe2+ 31. Rxe2 Qxe2+ 32. Kg1 Qg2# 0-1

[Event "AUTO-ADV-3764"]
[Site "http://www.queenalice.com/game.php?id=1459124"]
[Date "2017.1.12"]
[Round "1"]
[White "coolchess"]
[Black "valdenicio"]
[Result "1-0"]
[WhiteElo "1979"]
[BlackElo "2121"]

1. d4 Nf6 2. c4 e6 3. Nc3 b6 4. Bg5 Be7 5. Nf3 Bb7 6. Bxf6 Bxf6 7. e4 d6 8. Bd3
Nd7 9. O-O e5 10. d5 O-O 11. b4 a5 12. b5 Nc5 13. Bc2 g6 14. Ne1 Bc8 15. Nd3
Nxd3 16. Bxd3 Bg7 17. a4 Bd7 18. Ra2 f5 19. f3 f4 20. Qe1 g5 21. Kf2 h5 22. Ke2
Rf6 23. Kd2 Rg6 24. Kc1 Bh6 25. Kb1 Qe7 26. g3 g4 27. fxg4 Bxg4 28. gxf4 Bxf4
29. Rg1 Kh7 30. Rag2 Rag8 31. Nd1 Bf3 32. Rxg6 Rxg6 33. Rxg6 Kxg6 34. Ne3 Bxe3
35. Qxe3 Qf6 36. Kc2 Bg4 37. Qg3 Qg5 38. Qf2 h4 39. Qf8 Qf6 40. Qg8+ Kh5 41.
Qh7+ Kg5 42. Qg8+ Kf4 43. Kc3 Kf3 44. Bc2 Kf4 45. Qh7 Bf3 46. Qxc7 Bxe4 47. Qxb6
Bf3 48. Qxa5 e4+ 49. Kb3 Qd4 50. Qb4 e3 51. Qxd6+ Kg4 52. Qe6+ Kf4 53. Qf5# 1-0

[Event "AUTO-ADV-3764"]
[Site "http://www.queenalice.com/game.php?id=1459125"]
[Date "2017.1.12"]
[Round "1"]
[White "valdenicio"]
[Black "coolchess"]
[Result "0-1"]
[WhiteElo "2138"]
[BlackElo "1952"]

1. d4 Nf6 2. Nf3 g6 3. g3 Bg7 4. Bg2 O-O 5. c4 c5 6. O-O Qb6 7. Nc3 Qb4 8. Qb3
Qxb3 9. axb3 cxd4 10. Nxd4 Nc6 11. Nc2 a6 12. b4 d6 13. b5 Ne5 14. bxa6 Rxa6 15.
Rxa6 bxa6 16. Ne3 Be6 17. Ncd5 Nxd5 18. cxd5 Bd7 19. Bd2 Rb8 20. b4 Bb5 21. f4
Nd7 22. Bf3 Nb6 23. Rc1 Bd4 24. Kg2 f5 25. g4 fxg4 26. Bxg4 Kf8 27. Be6 Bxe2 28.
f5 Bd3 29. fxg6 hxg6 30. Ng4 Be4+ 31. Kg3 Bxd5 32. Bh6+ Ke8 33. Rf1 Kd8 34. Rf8+
Kc7 35. Bxd5 Rxf8 36. Bxf8 Nxd5 37. Kf3 e5 38. Ke4 Nxb4 39. Nf6 Kc6 0-1

[Event "AUTO-ADV-3764"]
[Site "http://www.queenalice.com/game.php?id=1459126"]
[Date "2017.1.12"]
[Round "1"]
[White "coolchess"]
[Black "CharlyVince"]
[Result "1-0"]
[WhiteElo "1961"]
[BlackElo "1751"]

1. Nf3 d5 2. g3 Nf6 3. Bg2 e6 4. O-O Be7 5. c4 dxc4 6. Qa4+ Bd7 7. Qxc4 O-O 8.
Ne5 a6 9. Nxd7 Nbxd7 10. Bxb7 Nb6 11. Qc2 Ra7 12. Bg2 Nbd5 13. a3 Qc8 14. Nc3
Nxc3 15. Qxc3 c5 16. d4 cxd4 17. Qxd4 Rd8 18. Qxa7 1-0

[Event "AUTO-ADV-3764"]
[Site "http://www.queenalice.com/game.php?id=1459127"]
[Date "2017.1.12"]
[Round "1"]
[White "CharlyVince"]
[Black "coolchess"]
[Result "0-1"]
[WhiteElo "1804"]
[BlackElo "1975"]

1. Nf3 d5 2. d4 g6 3. e3 Bg7 4. c4 c6 5. cxd5 cxd5 6. Be2 Nf6 7. O-O O-O 8. Nc3
Nbd7 9. b3 a6 10. Bb2 b5 11. Rc1 Bb7 12. Ba1 Nb6 13. h3 Qd6 14. Nh2 Rfc8 15. Bf3
b4 16. Ne2 Rxc1 17. Qxc1 Ne4 18. Qb2 Nd7 19. Rc1 f5 20. Bxe4 fxe4 21. Nf1 Rf8
22. Neg3 e5 23. dxe5 Nxe5 24. Qd2 Nd3 25. Bxg7 Kxg7 26. Rc2 h5 27. Ne2 Rxf2 28.
Qd1 Rf7 29. Nd4 Kh6 0-1

[Event "AUTO-ADV-3768"]
[Site "http://www.queenalice.com/game.php?id=1460581"]
[Date "2017.1.21"]
[Round "1"]
[White "coolchess"]
[Black "andrevillares"]
[Result "0-1"]
[WhiteElo "1977"]
[BlackElo "1911"]

1. e4 c6 2. d4 d5 3. Nc3 dxe4 4. Nxe4 Nd7 5. Qe2 Ndf6 6. c3 Bf5 7. Ng3 Bg6 8.
Nf3 e6 9. Ne5 Bd6 10. Bg5 Qb6 11. h4 Ne7 12. h5 Bf5 13. h6 Nfd5 14. hxg7 Rg8 15.
Nxf5 Nxf5 16. Rxh7 Nxg7 0-1

[Event "AUTO-ADV-3768"]
[Site "http://www.queenalice.com/game.php?id=1460582"]
[Date "2017.1.21"]
[Round "1"]
[White "andrevillares"]
[Black "coolchess"]
[Result "1-0"]
[WhiteElo "1930"]
[BlackElo "1952"]

1. d4 d5 2. c4 c6 3. Nc3 Nf6 4. Nf3 dxc4 5. e4 b5 6. e5 Nd5 7. a4 Nxc3 8. bxc3
Be6 9. Be2 Bd5 10. O-O a5 11. Ng5 h6 12. Nh3 b4 13. Nf4 b3 14. Re1 e6 15. Bf3
Be7 16. Bxd5 cxd5 17. Qh5 1-0

[Event "AUTO-ADV-3768"]
[Site "http://www.queenalice.com/game.php?id=1460583"]
[Date "2017.1.21"]
[Round "1"]
[White "coolchess"]
[Black "marreta7"]
[Result "1-0"]
[WhiteElo "1992"]
[BlackElo "1665"]

1. e4 e5 2. Nf3 Nc6 3. Bb5 Nge7 4. d4 a6 5. Bxc6 Nxc6 6. dxe5 h6 7. O-O Bc5 8.
Bf4 O-O 9. Nc3 Re8 10. a3 d6 11. exd6 Bxd6 12. Bxd6 cxd6 13. Nd2 Qg5 14. f4 Qd8
15. Nc4 Qh4 16. g3 Qh3 17. Nxd6 Bg4 18. Qd5 Qh5 19. Nxe8 Qxd5 20. Nf6+ gxf6 21.
Nxd5 Nd4 22. Nxf6+ Kg7 23. Nxg4 Nxc2 24. Rfd1 Nxa1 25. Rxa1 f6 26. Kf2 Rc8 27.
Ne3 f5 28. Nxf5+ Kh7 29. Nd4 b5 30. e5 Rc4 31. Ke3 b4 32. Kd3 Rc8 33. e6 bxa3
34. Rxa3 Ra8 35. Ke4 Kg7 36. Ke5 h5 37. f5 a5 38. f6+ Kg6 39. f7 a4 40. Nc6 Rc8
41. Ne7+ Kg5 42. Nxc8 h4 43. f8=Q hxg3 44. Rxg3+ Kh5 45. Qh8# 1-0

[Event "AUTO-ADV-3768"]
[Site "http://www.queenalice.com/game.php?id=1460584"]
[Date "2017.1.21"]
[Round "1"]
[White "marreta7"]
[Black "coolchess"]
[Result "0-1"]
[WhiteElo "1665"]
[BlackElo "1996"]

1. e4 c5 2. Bc4 e6 3. a3 d5 4. exd5 exd5 5. Ba2 Nc6 6. h3 Nf6 7. Ne2 Be7 8. O-O
O-O 9. d4 b6 10. Nbc3 Ba6 11. dxc5 bxc5 12. Bxd5 Bxe2 13. Qxe2 Nxd5 14. Nxd5
Qxd5 15. Qg4 Qd4 16. Qxd4 Nxd4 17. c3 Nb3 18. Rb1 Nxc1 19. Rfxc1 c4 20. b4 cxb3
21. Rxb3 Rab8 22. Rxb8 Rxb8 23. a4 Bc5 24. g4 Rb2 25. Rf1 g5 26. c4 Ra2 27. Kg2
Rxa4 28. Rc1 Ra2 29. Rf1 a5 30. Kg3 Rc2 31. h4 gxh4+ 32. Kxh4 Bxf2+ 33. Kg5 Bc5
34. Kf6 Rf2+ 35. Rxf2 Bxf2 36. g5 a4 37. Ke5 a3 38. Kd5 a2 39. g6 a1=Q 40. gxh7+
Kxh7 41. c5 Qd4+ 42. Kc6 Qxc5+ 43. Kd7 Bh4 44. Ke8 Qe7# 0-1

[Event "AUTO-ADV-3764"]
[Site "http://www.queenalice.com/game.php?id=1475633"]
[Date "2017.4.28"]
[Round "2"]
[White "vindaloo"]
[Black "coolchess"]
[Result "0-1"]
[WhiteElo "1931"]
[BlackElo "2030"]

1. c4 Nf6 2. d4 e6 3. Nc3 d5 4. cxd5 exd5 5. Bg5 Be7 6. e3 O-O 7. Nf3 Bg4 8.
Bxf6 Bxf6 9. Be2 Bf5 10. O-O Nc6 11. a3 h6 12. Bb5 Qd6 13. h3 Rad8 14. Be2 a6
15. Nd2 Ne7 16. f3 Bxh3 17. gxh3 Qg3+ 18. Kh1 Qxh3+ 19. Kg1 Bh4 20. f4 Rd6 21.
Bd3 Qxe3+ 0-1

[Event "AUTO-ADV-3764"]
[Site "http://www.queenalice.com/game.php?id=1475634"]
[Date "2017.4.28"]
[Round "2"]
[White "coolchess"]
[Black "vindaloo"]
[Result "1-0"]
[WhiteElo "2017"]
[BlackElo "1944"]

1. d4 d5 2. g3 Nc6 3. Bg2 Nf6 4. Nf3 e6 5. O-O Be7 6. Nbd2 O-O 7. c4 dxc4 8.
Nxc4 Re8 9. b3 a6 10. Bb2 Bd7 11. Nfe5 Nxe5 12. Nxe5 c6 13. Rc1 Nd5 14. e4 Nf6
15. Qf3 h6 16. Rfd1 Bc8 17. h3 Qa5 18. a4 Rf8 19. Nc4 Qc7 20. a5 c5 21. Nb6 Rb8
22. b4 1-0

[Event "Challenge"]
[Site "http://www.queenalice.com/game.php?id=1496109"]
[Date "2017.9.23"]
[Round "-"]
[White "coolchess"]
[Black "AlekinePb"]
[Result "1-0"]
[WhiteElo "2042"]
[BlackElo "1930"]

1. e4 e6 2. c4 d5 3. exd5 exd5 4. d4 Nf6 5. Nc3 Bb4 6. a3 Bxc3+ 7. bxc3 O-O 8.
Bd3 Re8+ 9. Ne2 Bg4 10. O-O dxc4 11. Bxc4 c6 12. f3 Bf5 13. Qb3 Re7 14. a4 a5
15. Ba3 Rd7 16. Ng3 Bg6 17. Rae1 Nd5 18. f4 f5 19. Re5 Qf6 20. Rfe1 Bf7 21. Re8+
Bxe8 22. Rxe8+ Kf7 23. Rf8+ 1-0

[Event "Challenge"]
[Site "http://www.queenalice.com/game.php?id=1509163"]
[Date "2017.12.23"]
[Round "-"]
[White "Magogue"]
[Black "coolchess"]
[Result "1-0"]
[WhiteElo "2442"]
[BlackElo "2062"]

1. e4 e5 2. f4 d5 3. exd5 e4 4. Bb5+ Bd7 5. Bxd7+ Qxd7 6. Nc3 Nf6 7. Qe2 Be7 8.
Nh3 Nxd5 9. Qxe4 Nb4 10. a3 f5 11. Qxb7 Nxc2+ 12. Kd1 Qd3 13. g3 Bc5 14. Qb5+
Qxb5 15. Nxb5 Nxa1 16. Nxc7+ Kd7 17. Nxa8 Nc6 18. b4 Bd4 19. Ng5 Rxa8 20. Nxh7
Nb3 21. Kc2 Nxc1 22. Kxc1 Rc8 23. Kb1 a5 24. bxa5 Nxa5 25. Ng5 Bc5 26. a4 Bb4
27. Nf3 Nc4 28. Rc1 Na3+ 29. Kb2 Nc4+ 30. Rxc4 1-0

[Event "Challenge"]
[Site "http://www.queenalice.com/game.php?id=1509164"]
[Date "2017.12.23"]
[Round "-"]
[White "coolchess"]
[Black "Magogue"]
[Result "0-1"]
[WhiteElo "2064"]
[BlackElo "2441"]

1. e4 e5 2. Nf3 Nf6 3. Nxe5 Qe7 4. d4 d6 5. Nf3 Nxe4 6. Be2 Nc6 7. O-O Nb4 8. c3
Nc6 9. d5 Ne5 10. Re1 Bd7 11. Nxe5 dxe5 12. Bd3 Nc5 13. Bc2 f6 14. f4 g6 15. b4
Na6 16. fxe5 fxe5 17. Bf4 Bg7 18. Nd2 O-O 19. Bg3 Bf5 20. Bb3 Kh8 21. Nc4 e4 22.
Rc1 Bf6 23. d6 Qg7 0-1